000 01478nac a22003011u 4500
008 090629t xxu||||| |||| 00| 0 eng d
010 _a006965534
020 _a0721601464 (Standard)
020 _a0721602819 (Deluxe)
020 _a0721604145 (Trade)
020 _a0808922882 (International)
028 _bwww.bl.uk
082 _a610.3
_bDOR
_222
100 _aDorland, W. A. Newman
_d1864-1956.
_q(William Alexander Newman),
_97118
245 1 0 _aDorland’s illustrated Medical Dictionary /
_b[William Alexander Newman Dorland].
246 _aDorland's pocket medical dictionary
246 _aDorland's electronic medical speller
250 _a30th ed.
260 _aPhiladelphia, Pa. ; London :
_bSaunders,
_cc2003.
300 _axxvii, 2190 p. :
_bill. (chiefly col.) ;
_c29 cm. +
_e1 CD-ROM
500 _aPrevious ed.: 2000.
500 _aCD-ROM entitled: Dorland's pocket medical dictionary for PDA, v.2.0 : with download access to Dorland's electronic medical speller, v.4.0.
650 _aMedicine -- Dictionaries.
_97119
700 _aDorland, W. A. Newman (William Alexander Newman), 1864-1956.
_97120
942 _cNB
_k610.3 DOR
_2ddc
999 _c3110
_d3110